000 00990nam a2200313Ia 4500
003 OSt
005 20221007123137.0
006 a|||||r|||| 00| 0
007 ta
008 221006b |||||||| |||| 00| 0 eng d
020 _a9789813273933 (pbk)
024 _a200976
037 _b6084, 23/01/2020, Ashutosh Technical Books
_cTextual
040 _aPAPL
_cPAPL
_beng
041 _2eng
_aeng
082 _aC18, R0 Carpa
100 _aLi Baojiu Ed.
_9716666
245 0 _aModified gravity
_b Koyama Kazuya Ed.
260 _aSingapore
_bWorld Scientific
_c2020
300 _ax, 313p. ill.
_ccm.
500 _aBibliography 261-313p.
650 _a Cosmology
650 _a Gravitation
_9391532
650 _a Simulation techniques
_9716667
650 _aPhysics
700 _a Koyama Kazuya Ed.
_9716668
942 _hC18, R0 Carpa
_cTEXL
_2CC
999 _c1211442
_d1211442